| 000 | 01197nam a2200277 a 4500 | ||
|---|---|---|---|
| 005 | 20180803170221.0 | ||
| 008 | 130731s2011 ck a gr 00010 spa d | ||
| 020 | _a9789588692425 | ||
| 040 |
_aCO-BoBLA _cCO-BoBLA _dCO-BoIAVH |
||
| 041 | 0 | _aspa | |
| 044 | _ack | ||
| 082 | 0 | 4 |
_a577.78 _bM79p |
| 100 | 1 | _aMontoya Moreno, Yimmy. | |
| 245 | 1 | 3 |
_aEl perifiton del sistema cenagoso de Ayapel Córdoba, Colombia / _cYimmy Montoya Moreno, Néstor Jaime Aguirre R., Elvia María González A. |
| 260 |
_aMedellín : _bUniversidad de Medellín. Sello Editorial, _c2011. |
||
| 300 |
_a81 páginas : _bilustraciones ; _c23 x 16 cm. |
||
| 504 | _aIncluye bibliografía. | ||
| 650 | 4 |
_aEcología vegetal _z Ciénaga de Ayapel (Córdoba, Colombia) |
|
| 650 | 4 |
_aEcología marina _z Ciénaga de Ayapel (Córdoba, Colombia) |
|
| 650 | 4 |
_aEcosistemas marinos _z Ciénaga de Ayapel (Córdoba, Colombia) |
|
| 650 | 4 |
_aPERIFITON _z Ciénaga de Ayapel (Córdoba, Colombia) |
|
| 700 | 1 | _aAguirre Ramírez, Néstor Jaime. | |
| 700 | 1 | _aGonzález Agudelo, Elvia María. | |
| 700 | 1 |
_aLópez Escobar, Leonardo David, _eeditor |
|
| 942 |
_2ddc _cLIBRO |
||
| 999 |
_c18115 _d18115 |
||